Takova naša rodina Čechoslovackaja socialističeskaja respublika

Corporate Author: Socialistický svaz mládeže. Ústřední výbor
Language: Russian
Published: Praga : Mladá fronta, 1973
Edition: 1. izdanije
Physical Description: 104, [4] s. ; 8°
Book
Saved in:
LEADER 00854nam a22002772a 4500
001 000915155
003 CZ BrMZK
005 20081005211313.0
007 ta
008 081005s1973 xr er|||||||||||rus d
015 |a cnb000523141 
035 |a (OCoLC)85358432 
040 |a ABA001  |b cze  |c OSA001  |d BOA001 
041 1 |a rus  |h cze 
080 9 |a 369.4(437)(083.85)=82 
245 0 0 |a Takova naša rodina Čechoslovackaja socialističeskaja respublika 
250 |a 1. izdanije 
260 |a Praga :  |b Mladá fronta,  |c 1973 
300 |a 104, [4] s. ;  |c 8° 
550 |a Vydavatel: ÚV SSM 
500 |a Frontispis 
710 2 |a Socialistický svaz mládeže.  |b Ústřední výbor  |7 ko2003206677 
910 |a BOA001  |b 1-0704.554 
990 |a BK 
991 |b 200810 
996 6 |b 2619529569  |c 1-0704.554  |l MZK  |r Sklad / do 1 hodiny  |n 0  |w 000915155  |u 000010  |a 1  |e BOA001  |j MZK50  |s P